Faktorová analýza /

Salvato in:
Dettagli Bibliografici
Autore principale: Überla, Karl (Autore)
Natura: Libro
Lingua:slovacco
Pubblicazione: Bratislava : Alfa, 1974
Edizione:2.vyd.
Soggetti:
Tags: Aggiungi Tag
Nessun Tag, puoi essere il primo ad aggiungerne!!

MARC

LEADER 00000nam a22000003a 4500
001 stu43714
005 20150617225720.1
008 941206s1974----cs------------------slo-d
040 |a STU  |b slo 
041 0 |a slo 
044 |a cs 
080 |a 519.22 
100 1 |a Überla, Karl  |4 aut 
245 1 |a Faktorová analýza /  |c [aut.]Karl Überla 
250 |a 2.vyd. 
260 |a Bratislava :  |b Alfa,  |c 1974 
300 |a 334s 
650 7 |a štatistika matematická  |2 stusub 
996 |b 284M012126  |c M*6098-1  |l MMKN  |s A  |a 24  |w stu43714_0001